[Event "Open Portugal 2019"]
[Site "Lisboa POR"]
[Date "2019.02.07"]
[Round "6.39"]
[White "Hodovský, Jiri"]
[Black "Bartel, Michal"]
[Result "0-1"]
[WhiteElo "2094"]
[BlackElo "2306"]
[WhiteFideId "317250"]
[BlackFideId "1119257"]
[BlackTitle "FM"]
[WhiteCountry "CZE"]
[BlackCountry "POL"]
[PlyCount "66"]
[EventDate "2019.??.??"]

1. d4 Nf6 2. Nf3 c5 3. g3 cxd4 4. Nxd4 e5 5. Nb3 d5 6. Bg2 Nc6 7. O-O Be6 8. Bg5
Be7 9. Nc3 d4 10. Bxf6 gxf6 11. Ne4 Qb6 12. c3 f5 13. Ned2 dxc3 14. bxc3 O-O 15.
Nf3 Rfd8 16. Qc1 Kg7 17. Ng5 Bc4 18. Re1 h6 19. Nh3 Be6 20. e4 fxe4 21. Rxe4 Rd7
22. Qe3 Qxe3 23. Rxe3 a5 24. Rae1 a4 25. Nc1 Rad8 26. Bf1 Rd2 27. Kg2 Bc5 28.
Rd3 f6 29. Rxd2 Rxd2 30. Nd3 Be7 31. Rb1 Bf5 32. Rb2 Be4+ 33. Kg1 Rd1 0-1

[Event "Open Portugal 2019"]
[Site "Lisboa POR"]
[Date "2019.02.06"]
[Round "6.41"]
[White "Ilic, Zoran"]
[Black "Fernandes, Miguel"]
[Result "1-0"]
[WhiteElo "2302"]
[BlackElo "2066"]
[WhiteFideId "901733"]
[BlackFideId "1920456"]
[WhiteTitle "IM"]
[WhiteCountry "SRB"]
[BlackCountry "POR"]
[PlyCount "41"]
[EventDate "2019.02.02"]

1. Nf3 d5 2. d4 Nf6 3. c4 c6 4. g3 e6 5. Bg2 Bb4+ 6. Bd2 Be7 7. Qc2 O-O 8. O-O
Nbd7 9. Rd1 Ne4 10. Be1 f5 11. Nc3 Bf6 12. Rac1 g5 13. Nxe4 fxe4 14. Ne5 Bxe5
15. dxe5 Qe7 16. Bc3 b6 17. Qd2 Rf7 18. Bb4 c5 19. cxd5 cxb4 20. dxe6 Qxe6 21.
Bxe4 1-0

[Event "Open Portugal 2019"]
[Site "Lisboa POR"]
[Date "2019.02.06"]
[Round "6.42"]
[White "Leão, Tiago"]
[Black "Storme, Isak"]
[Result "1-0"]
[WhiteElo "2084"]
[BlackElo "2290"]
[WhiteFideId "1925563"]
[BlackFideId "1728113"]
[BlackTitle "FM"]
[WhiteCountry "POR"]
[BlackCountry "SWE"]
[PlyCount "101"]
[EventDate "2019.02.02"]

1. d4 d5 2. Bf4 Nf6 3. e3 c5 4. c3 Nc6 5. Nd2 cxd4 6. exd4 Bf5 7. Ngf3 e6 8. Ne5
Nxe5 9. Bxe5 Nd7 10. Nf3 Nxe5 11. Nxe5 Bd6 12. Bb5+ Ke7 13. O-O Qb6 14. Bd3 Bg6
15. Re1 Bxe5 16. Rxe5 Qxb2 17. Rb1 Qxc3 18. Rxb7+ Kf8 19. Bxg6 hxg6 20. Re3 Qc6
21. Qb1 Rc8 22. g3 Rh5 23. Qb4+ Kg8 24. g4 Rh4 25. h3 Rc7 26. Rb8+ Kh7 27. Qf8
g5 28. Qg8+ Kg6 29. Re8 Qc1+ 30. Kg2 Qc6 31. R8xe6+ Qxe6 32. Rxe6+ fxe6 33.
Qxe6+ Kh7 34. Qf5+ Kh6 35. Qe6+ Kh7 36. Qxd5 Rh6 37. Qxg5 Rd6 38. Qh5+ Kg8 39.
g5 g6 40. Qg4 Rcd7 41. Qe4 Kh7 42. Qh4+ Kg8 43. Qg3 Rxd4 44. h4 Rf7 45. Qb8+ Kh7
46. Qg3 Rfd7 47. Qh3 Rd3 48. Qe6 R3d6 49. Qe8 Rd5 50. Qf8 Rf5 51. Qh6+ 1-0

[Event "Open Portugal 2019"]
[Site "Lisboa POR"]
[Date "2019.02.06"]
[Round "6.43"]
[White "Sande Edreira, José"]
[Black "Fernandes, Alberto"]
[Result "1-0"]
[WhiteElo "2244"]
[BlackElo "2072"]
[WhiteFideId "2204487"]
[BlackFideId "1900277"]
[WhiteTitle "FM"]
[BlackTitle "NM"]
[WhiteCountry "ESP"]
[BlackCountry "POR"]
[PlyCount "89"]
[EventDate "2019.02.02"]

1. c4 e5 2. g3 Nf6 3. Bg2 d5 4. cxd5 Nxd5 5. Nf3 Nc6 6. O-O Nb6 7. Nc3 Be7 8. a3
a5 9. d3 Be6 10. Be3 O-O 11. Rc1 Nd5 12. Nxd5 Bxd5 13. Qa4 f6 14. Rc3 Qd7 15.
Rfc1 Bb4 16. R3c2 Bd6 17. Qb5 Be6 18. Qxb7 Ne7 19. Rxc7 Qd8 20. R7c2 Bd5 21. Qb6
Qd7 22. Bh3 f5 23. Bg5 h6 24. Rc7 Bxc7 25. Rxc7 Nc8 26. Qc5 Qd6 27. Be7 Qxc5 28.
Bxc5 Rf7 29. Rxf7 Kxf7 30. Nxe5+ Ke6 31. f4 Kf6 32. Bd4 Ne7 33. Nc6+ Kf7 34.
Nxe7 Kxe7 35. Bxg7 Be6 36. Kf2 Rc8 37. Bc3 a4 38. Bg2 Rd8 39. Bc6 Bb3 40. h3 Rd6
41. Bf3 Ke6 42. g4 fxg4 43. hxg4 Kf7 44. d4 Bc4 45. e4 1-0

[Event "Open Portugal 2019"]
[Site "Lisboa POR"]
[Date "2019.02.06"]
[Round "6.44"]
[White "Soares, Luís"]
[Black "Corbalán Gómez, Juan José"]
[Result "1/2-1/2"]
[WhiteElo "2036"]
[BlackElo "2235"]
[WhiteFideId "1904124"]
[BlackFideId "2260492"]
[WhiteCountry "POR"]
[BlackCountry "ESP"]
[PlyCount "50"]
[EventDate "2019.02.02"]

1. d4 Nf6 2. c4 e6 3. Nf3 Bb4+ 4. Bd2 Qe7 5. a3 Bxd2+ 6. Nbxd2 d6 7. e4 e5 8.
dxe5 dxe5 9. Qc2 Nc6 10. c5 O-O 11. b4 Rd8 12. Bc4 Bg4 13. O-O Bxf3 14. Nxf3 Nd4
15. Nxd4 Rxd4 16. f3 Rad8 17. Rfd1 Qd7 18. Be2 g6 19. Qc3 Nh5 20. g3 Ng7 21.
Rxd4 Qxd4+ 22. Qxd4 Rxd4 23. Rd1 Ne6 24. Kf2 a5 25. Rxd4 Nxd4 1/2-1/2

[Event "Open Portugal 2019"]
[Site "Lisboa POR"]
[Date "2019.02.06"]
[Round "6.45"]
[White "Ranaldi, Lucas"]
[Black "Guerreiro, Nuno"]
[Result "1-0"]
[WhiteElo "2229"]
[BlackElo "2064"]
[WhiteFideId "1519484"]
[BlackFideId "1903012"]
[WhiteTitle "FM"]
[WhiteCountry "NOR"]
[BlackCountry "POR"]
[PlyCount "111"]
[EventDate "2019.02.02"]

1. c4 c5 2. Nf3 Nc6 3. Nc3 g6 4. e3 Bg7 5. d4 cxd4 6. exd4 Nf6 7. d5 Nb8 8. d6
O-O 9. dxe7 Re8 10. Be2 Rxe7 11. O-O b6 12. Nd4 Bb7 13. Bf3 Bxf3 14. Qxf3 Nc6
15. Nxc6 dxc6 16. Qxc6 Rc8 17. Qf3 Rxc4 18. Bg5 Re6 19. Rad1 Qe8 20. Qb7 h6 21.
Bxf6 Bxf6 22. Nd5 Be5 23. b3 Rc5 24. Qxa7 Qb5 25. Ne3 Bf4 26. Qa8+ Kg7 27. Nc4
Bc7 28. Qf3 Rf5 29. Qc3+ Kh7 30. Ne3 Rc5 31. Qd3 Qe8 32. g3 Qa8 33. Qd7 Qf3 34.
Rd5 Rxd5 35. Nxd5 Bd6 36. Nc7 Bxc7 37. Qxc7 h5 38. h4 b5 39. Qc5 Qe2 40. Qa7 Rf6
41. Qd4 Rf5 42. a4 Qf3 43. a5 Qxb3 44. a6 Qa4 45. Qa1 Rd5 46. a7 Rd8 47. Qxa4
bxa4 48. Ra1 Ra8 49. Rxa4 Kg7 50. Ra6 Kf8 51. Kg2 Ke7 52. Kf3 Kd7 53. Kf4 Ke7
54. Kg5 Kf8 55. Kf6 Ke8 56. f4 1-0

[Event "Open Portugal 2019"]
[Site "Lisboa POR"]
[Date "2019.02.06"]
[Round "6.46"]
[White "Korneev Leskova, Svyatoslav"]
[Black "Romano, João"]
[Result "1-0"]
[WhiteElo "2223"]
[BlackElo "2052"]
[WhiteFideId "22267565"]
[BlackFideId "1938541"]
[WhiteCountry "ESP"]
[BlackCountry "POR"]
[PlyCount "59"]
[EventDate "2019.02.02"]

1. c4 e6 2. g3 d5 3. Bg2 Nf6 4. Nf3 a6 5. O-O dxc4 6. a4 Nc6 7. Qc2 Na5 8. Na3
Qd5 9. Ne1 Qc5 10. d4 cxd3 11. Qxd3 Qd6 12. Qc2 c5 13. Nd3 Bd7 14. Bf4 Qb6 15.
b4 Nc6 16. bxc5 Qa7 17. Nc4 Be7 18. Nb6 Rd8 19. Bc7 O-O 20. Bxd8 Rxd8 21. Nxd7
Nxd7 22. Rfd1 Nd4 23. Qa2 Nxc5 24. Nxc5 Bxc5 25. e3 Nc6 26. Bxc6 Rxd1+ 27. Rxd1
bxc6 28. Rd8+ Bf8 29. Qd2 Qe7 30. Ra8 1-0

[Event "Open Portugal 2019"]
[Site "Lisboa POR"]
[Date "2019.02.06"]
[Round "6.47"]
[White "Carlsson, Ludvig"]
[Black "Silva, Gonçalo"]
[Result "1-0"]
[WhiteElo "2217"]
[BlackElo "2027"]
[WhiteFideId "1727010"]
[BlackFideId "1915100"]
[WhiteTitle "CM"]
[WhiteCountry "SWE"]
[BlackCountry "POR"]
[PlyCount "77"]
[EventDate "2019.02.02"]

1. d4 Nf6 2. Bg5 Ne4 3. Bf4 d6 4. f3 Nf6 5. e4 g6 6. Nc3 Bg7 7. Qd2 O-O 8. O-O-O
Nc6 9. g4 Bd7 10. Bh6 e5 11. dxe5 Bxh6 12. Qxh6 Nxe5 13. h4 Be6 14. Be2 b5 15.
Bxb5 Rb8 16. h5 c6 17. Ba4 c5 18. Nh3 Nxf3 19. hxg6 fxg6 20. Nf4 Qe7 21. Nxe6
Nxg4 22. Qxh7+ Qxh7 23. Rxh7 Kxh7 24. Nxf8+ Rxf8 25. Rxd6 Nd4 26. Rd5 Rf1+ 27.
Kd2 Rf2+ 28. Kd3 Rf3+ 29. Kc4 Ne3+ 30. Kxc5 Ne6+ 31. Kd6 Nxd5 32. Nxd5 Ng5 33.
e5 Ne4+ 34. Ke7 Rf5 35. Nf6+ Kh8 36. Nd7 Kg7 37. e6 Nc5 38. Nxc5 Rxc5 39. Kd8
1-0

[Event "Open Portugal 2019"]
[Site "Lisboa POR"]
[Date "2019.02.06"]
[Round "6.48"]
[White "Roque, Armando"]
[Black "Boucquet, Emile"]
[Result "1-0"]
[WhiteElo "1946"]
[BlackElo "2213"]
[WhiteFideId "1939149"]
[BlackFideId "233161"]
[WhiteCountry "POR"]
[BlackCountry "BEL"]
[PlyCount "71"]
[EventDate "2019.02.02"]

1. d4 d5 2. c4 e6 3. Nc3 Nf6 4. cxd5 exd5 5. Bg5 Nbd7 6. e3 Be7 7. Bd3 O-O 8.
Nf3 b6 9. Qc2 Bb7 10. O-O c5 11. h3 g6 12. Bf4 a6 13. a4 Rc8 14. Qe2 c4 15. Bc2
Re8 16. Rae1 Bb4 17. Rc1 Qe7 18. Ne5 Nxe5 19. Bxe5 Bd6 20. f4 Ne4 21. Nxe4 dxe4
22. Bxd6 Qxd6 23. f5 Bd5 24. Qg4 c3 25. b3 Rc6 26. Rf4 Kh8 27. Rcf1 gxf5 28.
Qxf5 Rg8 29. R1f2 Qe6 30. Qh5 Bxb3 31. Bxe4 Qh6 32. Qe5+ f6 33. Rxf6 Rxf6 34.
Rxf6 Qg7 35. Rh6 Qxe5 36. Rxh7# 1-0

[Event "Open Portugal 2019"]
[Site "Lisboa POR"]
[Date "2019.02.06"]
[Round "6.49"]
[White "Real, Thibault"]
[Black "Gjestemoen-VonHirsch, André"]
[Result "1/2-1/2"]
[WhiteElo "2211"]
[BlackElo "2038"]
[WhiteFideId "205559"]
[BlackFideId "1539531"]
[WhiteCountry "BEL"]
[BlackCountry "NOR"]
[PlyCount "148"]
[EventDate "2019.02.02"]

1. Nf3 d5 2. e3 Bf5 3. c4 e6 4. Nc3 c6 5. d4 Nd7 6. Bd3 Bg6 7. e4 dxe4 8. Nxe4
Ngf6 9. Nc3 Bd6 10. O-O Bxd3 11. Qxd3 O-O 12. Re1 Re8 13. Bg5 Qc7 14. Rad1 Rad8
15. Bh4 h6 16. Ne4 Be7 17. Bg3 Qb6 18. Nd6 Bxd6 19. Bxd6 c5 20. dxc5 Nxc5 21.
Bxc5 Rxd3 22. Bxb6 Rxd1 23. Rxd1 axb6 24. Kf1 Ra8 25. a3 Kf8 26. Rd6 Ra6 27.
Rd8+ Ke7 28. Rb8 Ra7 29. Ne5 Ne8 30. Ke2 Nd6 31. Rg8 Ra5 32. Nd3 Ne8 33. f4 f6
34. g4 Kf7 35. Rh8 Ra4 36. Nb4 Ra8 37. Kf3 Rd8 38. f5 exf5 39. gxf5 Rd2 40. Nd5
Rxh2 41. Nf4 Nd6 42. Kg4 h5+ 43. Nxh5 Nxf5 44. Rb8 Rh4+ 45. Kxf5 Rxh5+ 46. Kg4
Rg5+ 47. Kf4 Kg6 48. Rxb7 Kh5 49. Rb8 Rc5 50. b3 g5+ 51. Kg3 Rc6 52. a4 Kg6 53.
b4 f5 54. Rb7 f4+ 55. Kg4 Rf6 56. Kf3 g4+ 57. Kf2 f3 58. a5 bxa5 59. bxa5 g3+
60. Kf1 Kg5 61. Rb8 Rh6 62. Rg8+ Kh4 63. Rf8 Kh3 64. Rxf3 Kh2 65. Ke2 g2 66. Rf2
Ra6 67. Ke3 Rxa5 68. Kd4 Kg3 69. Rxg2+ Kxg2 70. c5 Kf3 71. c6 Ra1 72. Ke5 Rc1
73. Kd6 Ke4 74. c7 Rd1+ 1/2-1/2

[Event "Open Portugal 2019"]
[Site "Lisboa POR"]
[Date "2019.02.06"]
[Round "6.50"]
[White "Partoens, Remi"]
[Black "Vasques, António"]
[Result "0-1"]
[WhiteElo "1904"]
[BlackElo "2210"]
[WhiteFideId "237108"]
[BlackFideId "1908332"]
[BlackTitle "FM"]
[WhiteCountry "BEL"]
[BlackCountry "POR"]
[PlyCount "52"]
[EventDate "2019.02.02"]

1. e4 c5 2. c3 Nf6 3. e5 Nd5 4. d4 cxd4 5. cxd4 Nc6 6. Nf3 d6 7. Bc4 e6 8. O-O
Be7 9. Nbd2 Nb6 10. Bb3 O-O 11. Ne4 dxe5 12. dxe5 Nd7 13. Bf4 Qa5 14. Bc2 Ndxe5
15. Nxe5 Nxe5 16. Qh5 f5 17. Rae1 g6 18. Qh3 fxe4 19. Rxe4 Nf7 20. Rxe6 Bxe6 21.
Qxe6 Bg5 22. Bxg6 Bxf4 23. Bxh7+ Kxh7 24. Qe4+ Kh8 25. Qxf4 Rae8 26. Qf6+ Kh7
0-1

[Event "Open Portugal 2019"]
[Site "Lisboa POR"]
[Date "2019.02.06"]
[Round "6.51"]
[White "Fidalgo, André"]
[Black "Golecki, Jan"]
[Result "1-0"]
[WhiteElo "2204"]
[BlackElo "2018"]
[WhiteFideId "1933620"]
[BlackFideId "1184008"]
[WhiteTitle "NM"]
[WhiteCountry "POR"]
[BlackCountry "POL"]
[PlyCount "99"]
[EventDate "2019.02.02"]

1. d4 Nf6 2. c4 e6 3. Nf3 d5 4. g3 dxc4 5. Bg2 Nc6 6. O-O Rb8 7. e3 Be7 8. Qe2
b5 9. b3 O-O 10. Rd1 Rb6 11. Bb2 a5 12. a4 c3 13. Nxc3 b4 14. Nb1 Ba6 15. Qe1
Ne4 16. Ne5 Nxe5 17. dxe5 Qa8 18. Nd2 Bb7 19. Nxe4 Bxe4 20. Bxe4 Qxe4 21. Rd7
Rc6 22. Rxe7 Rc2 23. Rb1 Qd5 24. Bd4 Qd8 25. Qd1 Rc6 26. Qf3 Rc3 27. Bxc3 bxc3
28. Qc6 Qxe7 29. Qxc3 Qa3 30. Qxa5 Qa2 31. Qe1 Rb8 32. Qd1 h6 33. b4 c5 34. b5
c4 35. Rc1 Ra8 36. b6 Qxa4 37. Qd4 Qb5 38. Rxc4 Rb8 39. Rb4 Qc6 40. Qd6 Qb7 41.
Qc7 Kh7 42. Qxb7 Rxb7 43. Kg2 f5 44. exf6 gxf6 45. Kf3 Kg6 46. Ke4 Kf7 47. Kd4
Ke7 48. Kc5 Rb8 49. b7 Kd7 50. Kb6 1-0

[Event "Open Portugal 2019"]
[Site "Lisboa POR"]
[Date "2019.02.06"]
[Round "6.52"]
[White "Mabille, Natacha"]
[Black "Álvarez Serrano, Carlos"]
[Result "1/2-1/2"]
[WhiteElo "1896"]
[BlackElo "2201"]
[WhiteFideId "218677"]
[BlackFideId "22238689"]
[WhiteCountry "BEL"]
[BlackCountry "ESP"]
[PlyCount "56"]
[EventDate "2019.02.02"]

1. e4 c5 2. Nf3 d6 3. d4 cxd4 4. Qxd4 Nc6 5. Bb5 a6 6. Bxc6+ bxc6 7. c4 e5 8.
Qd3 Ne7 9. Nc3 Ng6 10. O-O Be7 11. b3 O-O 12. Ba3 Nf4 13. Qe3 f5 14. Rad1 Qa5
15. Bb2 fxe4 16. Qxe4 Bg4 17. Qxc6 Nxg2 18. Qd5+ Qxd5 19. Nxd5 Bd8 20. Nxe5 dxe5
21. Kxg2 Bxd1 22. Rxd1 Bf6 23. Re1 Rae8 24. Nc7 Re7 25. Nxa6 Ra8 26. Nb4 Rb7 27.
Bc3 Kf7 28. Re2 Rba7 1/2-1/2

[Event "Open Portugal 2019"]
[Site "Lisboa POR"]
[Date "2019.02.06"]
[Round "6.53"]
[White "Marques, Rui"]
[Black "Ermeni, Avni"]
[Result "1/2-1/2"]
[WhiteElo "1890"]
[BlackElo "2194"]
[WhiteFideId "1903390"]
[BlackFideId "912840"]
[BlackTitle "FM"]
[WhiteCountry "POR"]
[BlackCountry "KOS"]
[PlyCount "33"]
[EventDate "2019.02.02"]

1. e4 e5 2. Nf3 Nc6 3. d4 exd4 4. Nxd4 Qh4 5. Nc3 Bb4 6. Be2 Nge7 7. O-O O-O 8.
Nf3 Qh5 9. Nd5 Bd6 10. h3 Nxd5 11. exd5 Ne7 12. c4 Bc5 13. Ng5 Qh4 14. b4 Bxb4
15. g3 Qh6 16. Ne6 Qg6 17. Bd3 1/2-1/2

[Event "Open Portugal 2019"]
[Site "Lisboa POR"]
[Date "2019.02.06"]
[Round "6.54"]
[White "Simões, Miguel"]
[Black "Gallardo Fernández, César"]
[Result "1/2-1/2"]
[WhiteElo "1881"]
[BlackElo "2194"]
[WhiteFideId "1946307"]
[BlackFideId "2225280"]
[WhiteCountry "POR"]
[BlackCountry "ESP"]
[PlyCount "91"]
[EventDate "2019.02.02"]

1. e4 e5 2. Nf3 Nc6 3. Bb5 Nge7 4. O-O g6 5. c3 Bg7 6. d4 exd4 7. cxd4 d5 8.
exd5 Nxd5 9. Re1+ Be6 10. Bg5 Qd6 11. Nbd2 O-O 12. Ne4 Qb4 13. Bxc6 bxc6 14. Rb1
Bf5 15. Nh4 Bxe4 16. Rxe4 f5 17. Bd2 Qc4 18. b3 Qd3 19. Re6 Rfe8 20. Qe1 Rxe6
21. Qxe6+ Kh8 22. Qe1 Qxd4 23. Nf3 Qe4 24. Ng5 Qxe1+ 25. Rxe1 Kg8 26. h3 h6 27.
Nf3 Kf7 28. Rc1 Rd8 29. Rxc6 Rd6 30. Rc1 g5 31. Be3 a6 32. Bd4 Bxd4 33. Nxd4 Kf6
34. Rc5 Ke5 35. Nf3+ Kf6 36. Nd4 f4 37. Nf3 Kf5 38. Nd2 Ke6 39. Nc4 Rd8 40. Rc6+
Kf5 41. Rxh6 Nb4 42. g4+ fxg3 43. fxg3 Rd1+ 44. Kg2 Rc1 45. Kf3 Rc3+ 46. Kg2
1/2-1/2

[Event "Open Portugal 2019"]
[Site "Lisboa POR"]
[Date "2019.02.06"]
[Round "6.55"]
[White "Santos, José Gulherme"]
[Black "Newton, Andrew"]
[Result "1-0"]
[WhiteElo "2191"]
[BlackElo "1883"]
[WhiteFideId "1939300"]
[BlackFideId "2403285"]
[WhiteCountry "POR"]
[BlackCountry "SCO"]
[PlyCount "35"]
[EventDate "2019.02.02"]

1. e4 e5 2. Nf3 Nc6 3. Bb5 a6 4. Ba4 Nf6 5. O-O Nxe4 6. d4 b5 7. Bb3 d5 8. dxe5
Be6 9. c3 Bc5 10. Nbd2 O-O 11. Bc2 Nxf2 12. Qe2 Nd3+ 13. Kh1 Nxc1 14. Raxc1 d4
15. Qe4 g6 16. Qxc6 dxc3 17. Qxc5 cxd2 18. Rcd1 1-0

[Event "Open Portugal 2019"]
[Site "Lisboa POR"]
[Date "2019.02.06"]
[Round "6.56"]
[White "Taylor, Robert Graham"]
[Black "Lindbøl, Aleksander"]
[Result "1/2-1/2"]
[WhiteElo "1809"]
[BlackElo "2190"]
[WhiteFideId "1800841"]
[BlackFideId "1520644"]
[WhiteCountry "WLS"]
[BlackCountry "NOR"]
[PlyCount "110"]
[EventDate "2019.02.02"]

1. e4 c5 2. Nf3 Nc6 3. d4 cxd4 4. Nxd4 Nf6 5. Nc3 e5 6. Ndb5 d6 7. a4 a6 8. Na3
Be7 9. Be2 Be6 10. f4 exf4 11. Bxf4 Qb6 12. Nd5 Nxd5 13. exd5 Qb4+ 14. Bd2 Qh4+
15. g3 Qe4 16. O-O Bxd5 17. Bf3 Qd4+ 18. Rf2 Ne5 19. Bxd5 Qxd5 20. Qe2 O-O 21.
Bc3 Rfe8 22. Rd1 Qc6 23. a5 Bf6 24. Bxe5 Bxe5 25. Qc4 Qd7 26. c3 Rac8 27. Qb3
Re6 28. Nc4 Qe7 29. Nb6 Rf8 30. Rdf1 h5 31. Nd5 Qd7 32. Nf4 Qe8 33. Nd5 Qc6 34.
Nb4 Qc5 35. Nd3 Qe3 36. Nxe5 Rxe5 37. Qxb7 h4 38. Qf3 Qxf3 39. Rxf3 hxg3 40.
hxg3 Rxa5 41. Rd3 d5 42. Rfd1 Rb8 43. Rxd5 Rxd5 44. Rxd5 Rxb2 45. Ra5 Rb6 46.
Kf2 Kf8 47. Ke3 Ke7 48. Kd4 Rg6 49. c4 Rxg3 50. Kc5 Rg5+ 51. Kb6 Rxa5 52. Kxa5
Kd6 53. Kb6 Kd7 54. Kb7 Kd6 55. Kb6 Kd7 1/2-1/2

[Event "Open Portugal 2019"]
[Site "Lisboa POR"]
[Date "2019.02.06"]
[Round "6.57"]
[White "Maisuradze, Nino"]
[Black "Slovák, Pavel"]
[Result "1-0"]
[WhiteElo "2186"]
[BlackElo "2010"]
[WhiteFideId "13601717"]
[BlackFideId "318493"]
[WhiteTitle "WGM"]
[WhiteCountry "FRA"]
[BlackCountry "CZE"]
[PlyCount "81"]
[EventDate "2019.02.02"]

1. d4 d5 2. Nf3 Nf6 3. c4 e6 4. Nc3 c6 5. Bg5 Nbd7 6. cxd5 exd5 7. e3 Be7 8. Bd3
O-O 9. Qc2 Re8 10. O-O Nf8 11. h3 Nh5 12. Bxe7 Qxe7 13. Rab1 Nf6 14. b4 b5 15.
Ne5 Bb7 16. Ne2 Rec8 17. Bf5 Rc7 18. a4 g6 19. Bd3 a6 20. Rfc1 Rcc8 21. Ng3 N6d7
22. Nxd7 Nxd7 23. e4 dxe4 24. Nxe4 Rd8 25. Re1 Qf8 26. a5 Nb8 27. h4 Bc8 28.
Nf6+ Kh8 29. Qc3 Be6 30. Be4 Bd5 31. Bxd5 cxd5 32. Qc7 Rc8 33. Qb7 Nc6 34. Nd7
Qd6 35. Nb6 Rcb8 36. Qxf7 Ra7 37. Re8+ Rxe8 38. Qxe8+ Kg7 39. Rc1 Nxd4 40. Rc8
Ne6 41. Rc6 1-0

[Event "Open Portugal 2019"]
[Site "Lisboa POR"]
[Date "2019.02.06"]
[Round "6.58"]
[White "Nielsen, André"]
[Black "Cavaleiro, Daniel"]
[Result "1-0"]
[WhiteElo "2201"]
[BlackElo "2001"]
[WhiteFideId "1518240"]
[BlackFideId "1904663"]
[WhiteTitle "FM"]
[WhiteCountry "NOR"]
[BlackCountry "POR"]
[PlyCount "65"]
[EventDate "2019.02.02"]

1. e4 g6 2. d4 d6 3. Nc3 Nf6 4. f4 Bg7 5. Nf3 c5 6. dxc5 Qa5 7. Bd2 Qxc5 8. Bd3
O-O 9. Qe2 Bd7 10. O-O-O Na6 11. Kb1 Nb4 12. Bc4 Rac8 13. Bb3 a5 14. Be3 Qc7 15.
a3 a4 16. Nxa4 Bxa4 17. Bxa4 Na6 18. e5 Ne4 19. Bd4 Nac5 20. Bb5 Rfd8 21. exd6
exd6 22. Bxg7 Kxg7 23. Nd4 d5 24. Rhf1 Ra8 25. Qf3 Ne6 26. Nxe6+ fxe6 27. Qe3
Rdc8 28. Bd3 Ra4 29. g4 Qa5 30. f5 Rc6 31. f6+ Nxf6 32. Qe5 Qd8 33. g5 1-0

[Event "Open Portugal 2019"]
[Site "Lisboa POR"]
[Date "2019.02.06"]
[Round "6.59"]
[White "Borges, Guilherme Deola"]
[Black "Sismeiro, Miguel"]
[Result "1-0"]
[WhiteElo "2181"]
[BlackElo "1997"]
[WhiteFideId "2109085"]
[BlackFideId "1950975"]
[WhiteCountry "BRA"]
[BlackCountry "POR"]
[PlyCount "77"]
[EventDate "2019.02.02"]

1. d4 Nf6 2. c4 g6 3. Nc3 d5 4. cxd5 Nxd5 5. Bd2 Bg7 6. e4 Nb6 7. Be3 O-O 8. Bb5
Bd7 9. Be2 Nc6 10. d5 Na5 11. Bd4 c5 12. Bxg7 Kxg7 13. h4 Qc7 14. h5 f5 15. Nf3
Nac4 16. Qc1 f4 17. Nd1 Ne5 18. Qc3 Kf6 19. hxg6 hxg6 20. Rh4 Na4 21. Rxf4+ Bf5
22. Qc2 Nxf3+ 23. Rxf3 Qh2 24. exf5 Qxg2 25. Ne3 Qh1+ 26. Nf1 g5 27. b3 Nb6 28.
Qc3+ Kf7 29. O-O-O Qh6 30. Rh3 Qg7 31. Qxg7+ Kxg7 32. Ne3 Rfd8 33. Bf3 Nd7 34.
Rg1 Kf6 35. Rh6+ Ke5 36. Re6+ Kf4 37. Be4 Ne5 38. Rg4+ Nxg4 39. Ng2# 1-0

[Event "Open Portugal 2019"]
[Site "Lisboa POR"]
[Date "2019.02.06"]
[Round "6.60"]
[White "Tscharotschkin, Michael"]
[Black "Moretti, Filippo"]
[Result "1-0"]
[WhiteElo "2178"]
[BlackElo "1928"]
[WhiteFideId "4619510"]
[BlackFideId "2805001"]
[WhiteCountry "GER"]
[BlackCountry "ITA"]
[PlyCount "97"]
[EventDate "2019.02.02"]

1. e4 c5 2. c3 Nf6 3. e5 Nd5 4. d4 cxd4 5. cxd4 e6 6. Nf3 Nc6 7. a3 d6 8. Bd3
Be7 9. O-O dxe5 10. dxe5 O-O 11. Qe2 Qc7 12. Qe4 g6 13. Bh6 Rd8 14. Rc1 b6 15.
Nc3 Bb7 16. Nxd5 Rxd5 17. Bc4 Rc5 18. Ba2 Na5 19. Qf4 Bxf3 20. b4 Rxc1+ 21. Rxc1
Qd7 22. Qxf3 Nb7 23. Bb1 Rc8 24. Rd1 Qa4 25. h3 a5 26. Rd4 Nd8 27. Kh2 axb4 28.
axb4 Qb5 29. Qf4 Nc6 30. Rc4 Na7 31. Rxc8+ Nxc8 32. Qd4 Qc6 33. Be4 Qc7 34. f4
Bf8 35. Bg5 Be7 36. Bxe7 Nxe7 37. Kg3 Nd5 38. Bxd5 exd5 39. b5 Qc4 40. Qxc4 dxc4
41. Kf3 f6 42. exf6 Kf7 43. Ke4 Kxf6 44. g4 Ke6 45. Kd4 c3 46. Kxc3 Kd5 47. Kd3
Kc5 48. Ke4 Kxb5 49. Kd5 1-0

[Event "Open Portugal 2019"]
[Site "Lisboa POR"]
[Date "2019.02.06"]
[Round "6.61"]
[White "Rionda Medio, Ángel"]
[Black "Hill, Alistair"]
[Result "0-1"]
[WhiteElo "1992"]
[BlackElo "2152"]
[WhiteFideId "2238934"]
[BlackFideId "432407"]
[WhiteCountry "ESP"]
[BlackCountry "ENG"]
[PlyCount "116"]
[EventDate "2019.02.02"]

1. e4 c5 2. Nc3 Nc6 3. g3 h5 4. Bg2 h4 5. d3 hxg3 6. hxg3 Rxh1 7. Bxh1 g6 8.
Nge2 Bg7 9. Be3 Nd4 10. Bxd4 cxd4 11. Nd5 e6 12. Ndf4 Qb6 13. b3 d6 14. Kf1 Bd7
15. Ng2 Rc8 16. Ne1 Ne7 17. Qd2 Nc6 18. a3 Ke7 19. Ng1 Rh8 20. Bg2 Qc5 21. f4 a5
22. Ngf3 Bh6 23. Qe2 a4 24. e5 Bg7 25. exd6+ Qxd6 26. Ng5 Qc7 27. b4 Na7 28. Ne4
b6 29. Nd2 Bc6 30. Bxc6 Nxc6 31. Kg2 Kf8 32. b5 Ne7 33. Nc4 Nd5 34. Qe4 Qd7 35.
Nf3 Qxb5 36. Nfe5 Bxe5 37. Qxe5 Rh5 38. Qxd4 Qc6 39. Qe4 f5 40. Qf3 Ne3+ 41.
Nxe3 Rh2+ 42. Kxh2 Qxf3 43. Ng2 Qc6 44. Ra2 b5 45. Nh4 Kf7 46. Rb2 Qc5 47. Ra2
Kf6 48. Ng2 b4 49. axb4 Qxb4 50. Ne3 Qd4 51. Nc4 Qf2+ 52. Kh3 Qg1 53. c3 Qf1+
54. Kh2 Qxd3 55. Ne5 Qxc3 56. Kh3 a3 57. Re2 Qa1 58. Kg2 Qb2 0-1

[Event "Open Portugal 2019"]
[Site "Lisboa POR"]
[Date "2019.02.06"]
[Round "6.62"]
[White "Pérez García, Roberto"]
[Black "Jorge, Rita"]
[Result "1/2-1/2"]
[WhiteElo "2141"]
[BlackElo "1902"]
[WhiteFideId "2217708"]
[BlackFideId "1923161"]
[BlackTitle "WFM"]
[WhiteCountry "ESP"]
[BlackCountry "POR"]
[PlyCount "110"]
[EventDate "2019.02.02"]

1. Nf3 Nf6 2. d4 d5 3. c4 e6 4. g3 Be7 5. Bg2 O-O 6. O-O c6 7. Qc2 b6 8. Rd1 Bb7
9. Nc3 dxc4 10. Ne5 Qc8 11. Nxc4 c5 12. Bxb7 Qxb7 13. dxc5 Bxc5 14. Be3 Be7 15.
Rac1 Nbd7 16. Qa4 Nc5 17. Bxc5 Bxc5 18. b4 Be7 19. Ne5 Rac8 20. Qb3 Rfd8 21. b5
a6 22. a4 axb5 23. axb5 Rxd1+ 24. Rxd1 g6 25. Nc6 Rxc6 26. bxc6 Qxc6 27. Rb1 Ne4
28. Nxe4 Qxe4 29. Qxb6 Qxe2 30. Qb8+ Kg7 31. Qb2+ Qxb2 32. Rxb2 Bc5 33. Kg2 Kf6
34. Rc2 Bb6 35. f4 g5 36. Rb2 Be3 37. Kf3 gxf4 38. gxf4 Bd4 39. Rg2 Ba1 40. Ke4
h6 41. Kd3 Kf5 42. Ke3 Bc3 43. Kf3 Ba5 44. Rg7 Kf6 45. Rg8 Kf5 46. Rh8 Kg6 47.
Kg4 Bd2 48. h4 Kg7 49. Rd8 Be3 50. Rd3 Bc1 51. Rg3 Kg6 52. Kf3+ Kf5 53. Rg7 f6
54. Rg4 e5 55. fxe5 fxe5 1/2-1/2

[Event "Open Portugal 2019"]
[Site "Lisboa POR"]
[Date "2019.02.06"]
[Round "6.63"]
[White "Morejko, Wojciech"]
[Black "Eggert, Alberto"]
[Result "0-1"]
[WhiteElo "1879"]
[BlackElo "2132"]
[WhiteFideId "16247582"]
[BlackFideId "4139500"]
[WhiteCountry "GER"]
[BlackCountry "RUS"]
[PlyCount "76"]
[EventDate "2019.02.02"]

1. e4 c5 2. Nf3 d6 3. d4 cxd4 4. Nxd4 Nf6 5. Nc3 a6 6. Bg5 e6 7. f4 Nbd7 8. Qd2
Qc7 9. O-O-O Nc5 10. Bxf6 gxf6 11. Kb1 Bd7 12. Be2 b5 13. Bf3 b4 14. Nce2 Rb8
15. Nb3 a5 16. Nxc5 dxc5 17. f5 e5 18. Qd5 Bc6 19. Qc4 Bb5 20. Qd5 Be7 21. Bh5
O-O 22. Qb3 c4 23. Qg3+ Kh8 24. Nd4 Be8 25. Ne2 Rg8 26. Qf3 a4 27. Nc1 c3 28.
Nd3 b3 29. axb3 axb3 30. Rc1 bxc2+ 31. Rxc2 Ba3 32. Rhc1 Qb7 33. Qf2 Bb5 34. Ne1
Ba4 35. Re2 Bxb2 36. Rxb2 Qxb2+ 37. Qxb2 Rxb2+ 38. Ka1 Bc2 0-1